00375nam a2200157Ia 45000010006000000050017000060080041000230410008000640820015000721000032000872450045001192600009001643000028001736500008002016540008002092077920260306172830.0260306t2011||||xx |||||||||||||| ||spa|| aESP a343.8bB24 aBardales Castro, PercyeAUT 0aLa prueba en el procedimiento tributario c2011 a200 páginas :c24 cm. aGEN aCDE